000 00240nam a22001217a 4500
008 180314b xxu||||| |||| 00| 0 eng d
041 _aeng
080 _a7
100 _a42
101 _aART
245 _aCANOVA
_cFINN.D
942 _2udc
_cBK
999 _c45039
_d45039